000 00327nam a2200133 i 4500
001 bg
100 1 _aROGALSKI, Tadeusz
245 0 _aZbiorniki wieżowe - projektowanie i realizacja /
_cT. Rogalski.
260 _aWarszawa,
_c1972.
040 _cBPK
041 _apol
942 _cKS
008 s pl f |000 0 pol
999 _c5813
_d5813
856 _uhttp://koha.tu.koszalin.pl/cgi-bin/koha/opac-detail.pl?biblionumber=5813
_yKatalog online BPK